• 首页
  • 本馆介绍
  • 公告通知
  • 最新文献
  • 馆藏检索
  • 电子资源
  • 读者导购
  • 参考咨询
  • 我的图书馆
  • 登录
  • 详细信息显示
  • 放入我的书架
  • 预约/预借图书
  • 作者相关作品
  • 分类相关作品
  • 丛书相关作品
  • 出版社相关作品

书目信息

  • 表格格式
  • 工作单格式
  • 卡片格式
题名:
简化字研究
    
 
作者: 史定国 主编
分册:  
出版信息: 北京   商务印书馆  2004
页数: 10,390页
开本: 21cm
丛书名: 汉字规范问题研究丛书
单 册:
中图分类: H124.2
科图分类:
主题词: 汉字--简化字--研究 , 简化字 , 汉字
电子资源:
ISBN: 7-100-04091-4
000 00852oam2 2200277 45
001 0900000023095
005 20051010094243.29
010    @a7-100-04091-4@dCNY21.00
100    @a20050216d2004 ekmy0chiy0120 ea
101 0  @achi
102    @aCN@b110000
105    @ay z 001yy
200 1  @a简化字研究@9jian hua zi yan jiu@f史定国主编@Fshi ding guo zhu bian
210    @a北京@c商务印书馆@d2004
215    @a10,390页@d21cm
225 2  @a汉字规范问题研究丛书
320    @a有索引
330    @a本书收录的相关论文有《汉字演变的几个趋势》、《汉字的优化与繁简字》、《重新审视简化字》、《简论类推简化》等。
461  0 @12001 @a汉字规范问题研究丛书
606 0  @a汉字@x简化字@x研究
606 0  @a简化字
606 0  @a汉字
690    @aH124.2@v4
701  0 @a史定国@Ashi ding guo@4主编
801  0 @aCN@bTSSF@c20051010
905    @a10447@dH124.2@e112
    
    简化字研究/史定国主编.-北京:商务印书馆,2004
    10,390页;21cm.-(汉字规范问题研究丛书)
    
    
    ISBN 7-100-04091-4:CNY21.00
    本书收录的相关论文有《汉字演变的几个趋势》、《汉字的优化与繁简字》、《重新审视简化字》、《简论类推简化》等。
●
相关链接 在E读中查询图书 在五车中查询图书 在当当中查询图书 在豆瓣中查询图书


正题名:简化字研究     索取号:H124.2/112         预约/预借

序号 登录号 条形码 馆藏地/架位号 状态 备注
1 0365370   3653709   第二样本阅览室/ [索取号:H124.2/112] 在馆    
2 0365371   3653718   第四借阅区/ [索取号:H124.2/112] 在馆    
3 0365372   3653727   第四借阅区/ [索取号:H124.2/112] 在馆    
4 0365373   3653736   第四借阅区/ [索取号:H124.2/112] 在馆    
5 0365374   3653745   第四借阅区/ [索取号:H124.2/112] 在馆    
唐山师范学院图书馆 欢迎您!
大连网信软件有限公司© 版权所有